| 000 | 00371nam a22001457a 4500 | ||
|---|---|---|---|
| 005 | 20200527093717.0 | ||
| 008 | 200527b xxu||||| |||| 00| 0 eng d | ||
| 041 | _aeng | ||
| 082 | _a340 | ||
| 100 |
_aBARE ACT _95744 |
||
| 245 | _aTHE SCHEDULED CASTES AND THE SCHEDULED TRIBES ACT, 1989 | ||
| 260 |
_aDELHI _bPROFESSIONALS BOOK PUBLISHERS |
||
| 300 | _a95;p | ||
| 942 | _cBK | ||
| 999 |
_c6514 _d6512 |
||